Peaky Blinders Quiz - Statistics

General Stats
  • This quiz has been taken 893 times
  • The average score is 19 of 33
Answer Stats
Hint Answer % Correct
Who is the older brother of the leader of the Peaky Blinders? Arthur Shelby
98%
Second youngest brother of the Peaky Blinders John Shelby
97%
Who is the leader of the Peaky Blinders? Thomas Shelby
96%
Married to Tommy for a while Grace
95%
Who is the sister of the Shelby brothers? Ada Shelby
93%
Youngest brother of the Peaky Blinders Finn Shelby
93%
Who kills Father Hughes? Michael
88%
Tommy's fourth lover Lizzie
86%
Married to John Esme
84%
Aunty of the Peaky Blinder brothers Polly Gray
79%
Married to Arthur Linda
76%
what alcohol do the Shelby brothers distill? Gin
72%
Polly's real son Michael Gray
70%
Who is the Shelby's jewish associate? Alfie Solomons
66%
Tommy's first kid (Grace's child) Charlie
66%
Tommy's second lover May
63%
Who plays Alfie Solomons? Tom Hardy
62%
Tommy's second kid (Lizzie's child) Ruby
57%
Aunties real name Elizabeth Gray
54%
What season does Aberama Gold propose to Polly Gray? Season 5
53%
Who's kid does Ada have first? Freddie Thorne
52%
What is the name of their kid? Karl
50%
What cursed gem was Grace wearing on a necklace when she died? Sapphire
45%
Polly's sons wife Gina
44%
Aberama Gold's son Bonnie
37%
What day does Tommy Shelby release Barney from the insane asylum? Wednesday
28%
Who's kid is Ada pregnant with in Season 5? Ben Younger
18%
Tommy's third lover Jessie Eden
16%
Who ordered the death of Grace? Vincente Changretta
8%
What does Tommy let determine whether he stays in London or goes with Grace to New York? Flips a coin
5%
Where are the stolen guns hidden False grave
3%
What do the Shelby brothers initially propose to steal Motorbikes
3%
Who is there kid named after? Karl Marx (communist)
1%
No matching quizzes found
Score Distribution
Percent of People with Each Score
Percentile by Number Answered
Your Score History
You have not taken this quiz